| 000 | 00649nam a22001577a 4500 | ||
|---|---|---|---|
| 003 | OSt | ||
| 005 | 20151203102033.0 | ||
| 008 | 151203b xxu||||| |||| 00| 0 eng d | ||
| 040 | _cRUA | ||
| 082 | _aFIS ROV 2006 B178 Or.1 | ||
| 100 |
_94196 _aROV TUNKHYNA; រ៉ូវ ទុយឃីណា |
||
| 245 | _aThe grass root of fishing conflicts in coastal community fisheries of kampot province, ឬសគល់នៃទនាស់នេសាទ ក្នុងសហគមន៍នេសាទ តំបន់ឆ្នេរ ខេត្តកំពត. | ||
| 260 |
_aPhnom Penh _bRUA _c2006 |
||
| 300 |
_aix; 66p. _bill. _c29cm. |
||
| 942 |
_2ddc _cFIS |
||
| 999 |
_c3911 _d3911 |
||